| 000 | 01091cad a22002295a 4500 | ||
|---|---|---|---|
| 001 | L147019 | ||
| 008 | 090324s2009 xxkd f s 000 0 eng d | ||
| 035 | _a(Sirsi) u147019 | ||
| 041 | 0 | _aeng | |
| 050 | 0 | 4 | _a333.33 $2 18 |
| 110 | 2 |
_aDrivers Jonas _91941 |
|
| 245 | 0 | 0 |
_aOffice trends _bUK key cities 2009 _h[electronic resource] |
| 260 |
_aLondon _bDrivers Jonas _c2009 |
||
| 490 | 0 |
_aDrivers Jonas Office Trends _v2009 |
|
| 520 | _aReports that the total value of UK office transactions fell by 65% in 2008, the second consecutive year the total value has fallen. Forecasts that rents will continue to fall in 2009, but that there are still some larger requirements in the market. Concludes that these changes have resulted in the fundamentals shifting firmly in favour of the occupier. | ||
| 521 | _aAdvanced | ||
| 590 | _aKA NTK | ||
| 651 | 4 |
_aEngland and Wales _y1543- |
|
| 690 | _aPROPERTY-COMMERCIAL PROPERTY-COMMERCIAL PROPERTY MARKET | ||
| 856 | 4 | 0 |
_uhttps://www.driversjonas.com _zView the item free of charge (registration necessary) at www.driversjonas.com... |
| 942 | _n0 | ||
| 999 |
_c109406 _d109406 |
||